000 00489nam a2200205Ia 4500
005 20250425160752.0
008 250425s9999 xx 000 0 und d
041 _aeng
082 _a604.2
100 _aFRENCH, THOMAS E.
245 0 _aA MANUAL OF ENGINEERING DRAWING; FOR STUDENTS
250 _a8TH ED.
260 _aEstados Unidos
_bMCGRAW - HILL
_c1953
260 _aNEW YORK
300 _a715
650 _aDISEÑO
650 _aINGENIERIA
942 _c01
010 _a4830
999 _c195779
_d195779